Giant parsnip soup / Daniela Sosa.
Available copies
- 3 of 3 copies available at LARL/NWRL Consortium.
- 2 of 2 copies available at Lake Agassiz Regional Library. (Show preferred library)
Current holds
0 current holds with 3 total copies.
Show Only Available Copies
| Location | Call Number / Copy Notes | Barcode | Shelving Location | Status | Due Date |
|---|---|---|---|---|---|
| Lake Park LINK Site | E S (Text) | 33500014213177 | New | Available | - |
| McIntosh Public Library | E S (Text) | 33500014213169 | New | Available | - |
| Karlstad LINK Site | e SOS (Text) | 35500006863227 | Main | Available | - |
Record details
- ISBN: 9781665961967
- ISBN: 1665961961
- Physical Description: 1 volume (unpaged) : color illustrations ; 29 cm
- Edition: First edition.
- Publisher: New York : Simon & Schuster Books for Young Readers, [2025]
- Copyright: ©2025
Content descriptions
| General Note: | "A Paula Wiseman Book." |
| Summary, etc.: | Friends gather ingredients from one to ten to make ... Read More |
| Target Audience Note: | Ages 4-8. Simon & Schuster Books for Young ... Read More Grades K-1. Simon & Schuster Books for Young ... Read More |
Search for related items by subject
| Genre: | Picture books. Picture books. |
| LDR | 02622cam a22006018i 4500 | ||
|---|---|---|---|
| 001 | 459082 | ||
| 003 | LARL_NWRL_CONSORTIUM | ||
| 005 | 20250609193326.0 | ||
| 008 | 240819t20252025nyua b 000 1 eng | ||
| 010 | . | ‡a 2024033399 | |
| 040 | . | ‡aDLC ‡beng ‡erda ‡cDLC ‡dOCLCO ‡dYDX ‡dIG# ‡dOCLCQ ‡dORX ‡dOCLCO ‡dIEB ‡dJAS ‡dSDD ‡dMLSOD | |
| 020 | . | ‡a9781665961967 ‡q(hardcover) | |
| 020 | . | ‡a1665961961 ‡q(hardcover) | |
| 020 | . | ‡z9781665961974 ‡q(ebook) | |
| 035 | . | ‡a(OCoLC)1452735902 | |
| 042 | . | ‡apcc | |
| 082 | 0 | 0. | ‡a[E] ‡223 |
| 100 | 1 | . | ‡aSosa, Daniela, ‡eauthor, ‡eillustrator. ‡1https://id.oclc.org/worldcat/entity/E39PCjJyYwhhxbwjMqjdTRc4C3 |
| 245 | 1 | 0. | ‡aGiant parsnip soup / ‡cDaniela Sosa. |
| 250 | . | ‡aFirst edition. | |
| 264 | 1. | ‡aNew York : ‡bSimon & Schuster Books for Young Readers, ‡c[2025] | |
| 264 | 4. | ‡c©2025 | |
| 300 | . | ‡a1 volume (unpaged) : ‡bcolor illustrations ; ‡c29 cm | |
| 336 | . | ‡atext ‡btxt ‡2rdacontent | |
| 336 | . | ‡astill image ‡bsti ‡2rdacontent | |
| 337 | . | ‡aunmediated ‡bn ‡2rdamedia | |
| 338 | . | ‡avolume ‡bnc ‡2rdacarrier | |
| 385 | . | ‡nage ‡aChildren ‡0(DLC)dg2015060010 ‡2lcdgt | |
| 500 | . | ‡a"A Paula Wiseman Book." | |
| 521 | . | ‡aAges 4-8. ‡bSimon & Schuster Books for Young Readers. | |
| 521 | . | ‡aGrades K-1. ‡bSimon & Schuster Books for Young Readers. | |
| 520 | . | ‡aFriends gather ingredients from one to ten to make a delicious parsnip soup together. | |
| 650 | 0. | ‡aParsnip ‡vJuvenile fiction. | |
| 650 | 0. | ‡aSoups ‡vJuvenile fiction. | |
| 650 | 0. | ‡aCounting ‡vJuvenile fiction. ‡0(LARL_NWRL_CONSORTIUM)171677 | |
| 650 | 1. | ‡aParsnip ‡vFiction. | |
| 650 | 1. | ‡aSoups ‡vFiction. | |
| 650 | 1. | ‡aCounting ‡vFiction. | |
| 650 | 7. | ‡aJUVENILE FICTION / Social Themes / Friendship. ‡2bisacsh | |
| 650 | 7. | ‡aJUVENILE FICTION / Cooking & Food. ‡2bisacsh | |
| 650 | 7. | ‡aJUVENILE FICTION / Social Themes / Values & Virtues. ‡2bisacsh | |
| 653 | . | ‡aSHARING ‡aVEGGIES ‡aCOUNTING ‡aRECIPE ‡a1 TO 10 ‡aCOMMUNITY ‡aJOY ‡aCOOKING ‡aINGREDIENTS ‡aPARSNIP SOUP ‡aVEGETABLES ‡aFOOD ‡aCONCEPT ‡aFRIENDS ‡aRHYTHMIC ‡aFRIENDSHIP | |
| 655 | 0. | ‡aPicture books. | |
| 655 | 7. | ‡aPicture books. ‡2lcgft | |
| 776 | 0 | 8. | ‡iOnline version: ‡aSosa, Daniela. ‡tGiant parsnip soup. ‡bFirst edition ‡dNew York : Simon & Schuster Books for Young Readers, 2025 ‡z9781665961974 ‡w(DLC) 2024033400 |
| 901 | . | ‡a459082 ‡bOCoLC ‡c459082 ‡tbiblio ‡soclc | |

Add to basket
Permalink
Disable Highlighting